Журнал о представлениях в 1857 году императорской фамилии лиц (особ) дипломатического корпуса

Доступно только в Электронных читальных залах Найти на картеНа карте
RUSMARC
00003502nmc2a22002413x 450
0014dccea1e-1bda-4c1c-b76d-ac6fd66ee1f5
00520251102052831.0
100##$a20250626l18571857k l0rusy0189 ca
1010#$arus
102##$aRU
105##$ay###
1222#$ad
2001#$aЖурнал о представлениях в 1857 году императорской фамилии лиц (особ) дипломатического корпуса
$j1857 г.
215##$a15 л.
$d35,5х23 см
251##$cДело
300##$aДело
371##$aДокумент не является опубликованным и широко распространяемым
461#0$10011beca410-31e9-4f28-916a-592ca9443f69
$12001
$aЦеремониальная часть Министерства императорского двора
$1251
$cФонд
$1852
$j473
462#0$1001a54d7da2-27dc-4d4e-832c-8830aaafd738
$12001
$aЦеремониальная часть Министерства императорского двора
$1251
$cОпись
$1852
$j3
801#0$aRU
$bРГИА
$c20250626
$gRCR
801#1$aRU
$bГлавНИВЦ
$c20250626
$2rusmarc
801#2$aRU
$bПБ им. Б.Н. Ельцина
$c20251102
$gRCR
$2rusmarc
850##$aРГИА
852##$aРГИА
$eФедеральное казенное учреждение "Российский государственный исторический архив" (РГИА)
$j899
937##$hРГИА
$d12427120
$aASBIBLIO_SCAN
035##$aRusGRCC00086971
856##$uhttp://readingroom.main.prlib.ru/item.aspx?id_node=n198868134&mode=full
Формат отображения